Sociocultural practices and implications on girls' education in Baringo County, Kenya / (Record no. 60154)
[ view plain ]
| 000 -LEADER | |
|---|---|
| fixed length control field | 00796nam a22002177a 4500 |
| 005 - DATE AND TIME OF LATEST TRANSACTION | |
| control field | 20260205140226.0 |
| 008 - FIXED-LENGTH DATA ELEMENTS--GENERAL INFORMATION | |
| fixed length control field | 260205b |||||||| |||| 00| 0 eng d |
| 050 ## - LIBRARY OF CONGRESS CALL NUMBER | |
| Classification number | THE LC214 |
| Item number | .W35 2025 |
| 100 ## - MAIN ENTRY--PERSONAL NAME | |
| Personal name | Wakhisi, Norah |
| 245 ## - TITLE STATEMENT | |
| Title | Sociocultural practices and implications on girls' education in Baringo County, Kenya / |
| 260 ## - PUBLICATION, DISTRIBUTION, ETC. (IMPRINT) | |
| Place of publication, distribution, etc | Limuru, Kenya: |
| Name of publisher, distributor, etc | St. Paul's University, |
| Date of publication, distribution, etc | 2025. |
| 300 ## - PHYSICAL DESCRIPTION | |
| Extent | xiv, 193 p. ; |
| Dimensions | 30cm. |
| 521 ## - TARGET AUDIENCE NOTE | |
| Target audience note | Includes bibliographical references |
| 650 ## - SUBJECT ADDED ENTRY--TOPICAL TERM | |
| Topical term or geographic name as entry element | Girls |
| General subdivision | Education |
| Geographic subdivision | Kenya |
| 650 ## - SUBJECT ADDED ENTRY--TOPICAL TERM | |
| Topical term or geographic name as entry element | Female genital mutilation |
| Chronological subdivision | Social aspects |
| Geographic subdivision | Kenya |
| 650 ## - SUBJECT ADDED ENTRY--TOPICAL TERM | |
| Topical term or geographic name as entry element | Pastoral nomadism |
| General subdivision | Social aspects |
| Geographic subdivision | Kenya |
| 700 ## - ADDED ENTRY--PERSONAL NAME | |
| Personal name | Mwangi, Suleiman |
| Relator term | Dr. |
| 700 ## - ADDED ENTRY--PERSONAL NAME | |
| Personal name | Vundi, Nason |
| Relator term | Dr. |
| 856 ## - ELECTRONIC LOCATION AND ACCESS | |
| Uniform Resource Identifier | https://repository.spu.ac.ke/xmlui/handle/123456789/6671 |
| 942 ## - ADDED ENTRY ELEMENTS (KOHA) | |
| Source of classification or shelving scheme | Library of Congress Classification |
| Item type | Thesis |
| Withdrawn status | Lost status | Source of classification or shelving scheme | Damaged status | Not for loan | Collection code | Home library | Current library | Shelving location | Date acquired | Source of acquisition | Total Checkouts | Full call number | Barcode | Date last seen | Uniform Resource Identifier | Price effective from | Koha item type |
|---|---|---|---|---|---|---|---|---|---|---|---|---|---|---|---|---|---|
| Library of Congress Classification | Not For Loan | Non-fiction | Bishop Okullu Memorial Library (Limuru Campus) | Bishop Okullu Memorial Library (Limuru Campus) | Special Collection | 05/02/2026 | Donation | THE LC214 .W35 2025 | 072532 | 05/02/2026 | https://repository.spu.ac.ke/xmlui/handle/123456789/6671 | 05/02/2026 | Thesis |